00555nam a2200169 a 4500020001500000090001400015041000800029100002500037245005100062260005100113300001100164700002400175942001200199945001500211999001500226952014400241 a0520023188 aLBb05059 aeng aBohart, R. M.992390 aSphecid wasps of the worldba generic revision aBerkeleybUniversity of California Pressc1976 a695 p. aMenke, A. S.992391 cIMPRESO d2007-09-17 c5816d5816 001040708ENTOMOIINV2017aVillabVillad2007-09-17eAmazonl0oLB-05059p025208r2012-12-04 00:00:00tEj.1w2012-12-04xEntregadoyLIBRO